000 00704cam a22002293a 4500
001 29915
003 PGUSA
005 20140828083639.0
008 090905s2009||||xxu|||||s|||||000 | eng d
040 _aPGUSA
_beng
042 _adc
050 4 _aHD
100 1 _aDyer, B. W.
_q(Benjamin Wheeler),
_d1887-
245 1 0 _aAbout sugar buying for jobbers :
_bHow you can lessen business risks by trading in refined sugar futures
_h[electronic resource] /
_cB. W. Dyer
260 _bProject Gutenberg,
_c2009
506 _aPublic domain in the USA.
516 _aElectronic text
653 _aSugar
830 0 _aProject Gutenberg
_v29915
856 4 0 _uhttp://www.gutenberg.org/ebooks/29915
942 _cEB
999 _c259170
_d259170